Untouchable freedom : (Record no. 750640)
[ view plain ]
| 000 -LEADER | |
|---|---|
| fixed length control field | 00786cam a22002175i 4500 |
| 020 ## - INTERNATIONAL STANDARD BOOK NUMBER | |
| ISBN | 9789392018176 |
| 020 ## - INTERNATIONAL STANDARD BOOK NUMBER | |
| ISBN | 9392018177 |
| 082 04 - DEWEY DECIMAL CLASSIFICATION NUMBER | |
| Classification number | 305.568 809 54 PRA/U |
| Edition number | 23 |
| 100 1# - MAIN ENTRY--AUTHOR NAME | |
| Personal name | Prashad, Vijay, |
| 245 10 - TITLE STATEMENT | |
| Title | Untouchable freedom : |
| Sub Title | a social history of the dalit community / |
| Statement of responsibility, etc | Vijay Prashad ; introductory essay by Suraj Yengde. |
| 250 ## - EDITION STATEMENT | |
| Edition statement | First Leftword edition. |
| 260 ## - PUBLICATION, DISTRIBUTION, ETC. (IMPRINT) | |
| Place of publication | . - New Delhi |
| Name of publisher | : Left word Books |
| Year of publication | , 2024 |
| 300 ## - PHYSICAL DESCRIPTION | |
| Number of Pages | 244 pages ; |
| 500 ## - GENERAL NOTE | |
| General note | First published in 2000 by Oxford University Press, New Delhi"--Title page verso. |
| 504 ## - BIBLIOGRAPHY, ETC. NOTE | |
| Bibliography, etc | Includes bibliographical references. |
| 650 #0 - SUBJECT ADDED ENTRY--TOPICAL TERM | |
| Topical Term | Dalits |
| Geographic subdivision | India |
| 650 #0 - SUBJECT ADDED ENTRY--TOPICAL TERM | |
| Topical Term | Sanitation workers |
| Geographic subdivision | India |
| 650 #6 - SUBJECT ADDED ENTRY--TOPICAL TERM | |
| Topical Term | Ouvriers à la salubrité |
| Geographic subdivision | Inde |
| 942 ## - ADDED ENTRY ELEMENTS (KOHA) | |
| Source of classification or shelving scheme | Dewey Decimal Classification |
| Koha item type | Book |
| Withdrawn status | Lost status | Source of classification or shelving scheme | Damaged status | Not for loan | Home Library | Current Location | Date acquired | Full call number | Accession Number | Price effective from | Koha item type |
|---|---|---|---|---|---|---|---|---|---|---|---|
| Dewey Decimal Classification | Dept. of Political Science | Dept. of Political Science | 06/02/2025 | 305.568 809 54 PRA/U | POL23745 | 28/07/2025 | Book |
